Introducción /
محفوظ في:
| المؤلف الرئيسي: | |
|---|---|
| التنسيق: | نص |
| الموضوعات: | |
| الوسوم: |
إضافة وسم
لا توجد وسوم, كن أول من يضع وسما على هذه التسجيلة!
|
MARC
| LEADER | 00000 a a2200000 04500 | ||
|---|---|---|---|
| 001 | 8892 | ||
| 003 | |||
| 040 | |||
| 100 | |a Rivera, Luis | ||
| 245 | |a Introducción / |c Luis Rivera | ||
| 650 | |a TLC | ||
| 650 | |a COMERCIO INTERNACIONAL | ||
| 650 | |a INTEGRACION ECONOMICA | ||
| 650 | |a CULTURA | ||
| 650 | |a IDENTIDAD CULTURAL | ||
| 650 | |a AMERICA CENTRAL | ||
| 650 | |a ESTADOS UNIDOS | ||
| 773 | |g número 9 -10; páginas 7-13 | ||
| 999 | |c 31223 |d 31223 | ||
